LEADER 01398nam a2200289 a 4500 001 000000143869 003 CaOOAMICUS 005 20150605150018.0 008 150605s2000 be u000 u ger r 020 $a90-5867-061-9 040 $aPUL$bita 082 04$a262.9 100 1 $aMeyer, Christoph H.F.$0(OLS)http://pul/name/92424 245 14$aDie Distinktionstechnik in der Kanonistik des 12. Jahrhunderts :$bEin Beitrag zur Wissenschaftsgeschichte des Hochmittelalters /$cChristoph H.F. Meyer. 260 $aLeuven :$bLeuven University Press,$c2000. 300 $a363 p. ;$c24 cm 490 1 $aMediaevalia Lovaniensia.$aSeries 1, Studia ;$v29 650 4$aDiritto canonico$ySec. XII.$0(OLS)http://pul/subject/14791 830 0$aMediaevalia Lovaniensia.$nSeries 1,$pStudia ;$v29.$0(OLS)http://pul/title/1024 850 $aPUL 852 $aPUL$W1$xDP2 Diritto Canonico 3$y99$m262. 9 MEYCH 1$j165931$qDDC 21$B166359$CPULBib$Z2$F166359 $H126008 $82 941 1 $a9 996 $6020$a90-5867-061-9$9(OLS)http://pul/number/157783 996 $6082$a262.9$9(OLS)http://pul/classification/369 996 $6245$aDie Distinktionstechnik in der Kanonistik des 12. Jahrhunderts :$bEin Beitrag zur Wissenschaftsgeschichte des Hochmittelalters$9(OLS)http://pul/title/182012 996 $6260$aLeuven :$bLeuven University Press$9(OLS)http://pul/publisher/48301 LEADER 01533namaa2200313 a 4500 001 000000177036 003 CaOOAMICUS 005 20240703115043.0 008 240703s2024 it u001 u ita r 020 $z978-88-308-1928-3* 032 $aLibriCat 040 $aPUL$bita 100 1 $aGarganese, Davide,$csacerdote.$0(OLS)http://pul/name/105297 245 13$aLa forma liturgica della fede :$bcredere e celebrare in Odo Casel, Romano Guardini, Salvatore Marsilli e Cipriano Vagaggini /$cDavide Garganese ; prefazione di Ivica Zizic . 250 $aPrima edizione. 260 $aAssisi :$bCittadella,$c2024. 300 $a184 p. ;$b$c21 cm 490 1 $aStudi e ricerche. Sezione teologica 504 $aBibliografia : p. [175]-182 650 4$aLiturgia$xStudi.$0(OLS)http://pul/subject/13193 700 1 $aZizic, Ivica,$d1973-$0(OLS)http://pul/name/113812 700 1 $aVitali, Dario,$csac.,$d1956 -$0(OLS)http://pul/name/40122 830 0$aStudi e ricerche (Cittadella).$pSezione teologica.$0(OLS)http://pul/title/143126 850 $aPUL 852 $aPUL$W1$xSL Religione 3$y85$m230 COLL 11.1.62$j201034$qDDC 21$B205991$CPULBib$Z2$F205991 $H137239 $82 996 $6020$z978-88-308-1928-3*$9(OLS)http://pul/number/169900 996 $6245$aLa forma liturgica della fede :$bcredere e celebrare in Odo Casel, Romano Guardini, Salvatore Marsilli e Cipriano Vagaggini$9(OLS)http://pul/title/218554 996 $6260$aAssisi :$bCittadella$9(OLS)http://pul/publisher/49668